000 00388nam a2200157Ia 4500
008 230917s9999||||xx |||||||||||||| ||und||
040 _e76761
_aMAIN
041 _aEnglish
082 _a658.4 L718A
100 _aLitterer, Joseph A
245 0 _aAnalysis of organizations
250 _a2nd ed.
260 _aChichester
_bJohn Wiley & Sons
_c1973
300 _ax, 757 p.
942 _cBK
999 _c204145
_d204145